Temas de The Beatles - Estadísticas

Estadísticas generales
  • Esta prueba ha sido intentada 49 veces
  • La puntuación promedio es 17 de 20
Answers on the Grid
Answers color-coded by a green-red scale on the quiz's grid according to % correct below.
I Am The Walrus
Eleanor Rigby
You Could Have It So Much Better
Let It Bleed
Glass Onion
Do You Want To Know A Secret?
A Hard Day's Night
Julia
Hey You
Free As A Bird
Penny Lane
All My Loving
Help!
City Of Delusion
You'll Never Walk Alone
Never Miss A Beat
Strawberry Fields Forever
Blue Jay Way
Love Me Tender
Hey Jude
Ticket To Ride
Real Love
Because
Down In The Past
The Long And Winding Road
Morning Glory
Drive My Car
Michelle
Love Illumination
I've Got A Feeling
 
Estadísticas de respuestas
Respuesta % Correcto
A Hard Day's Night
95%
Help!
95%
Hey Jude
95%
Penny Lane
95%
All My Loving
93%
Eleanor Rigby
93%
I Am The Walrus
89%
Michelle
89%
Strawberry Fields Forever
89%
Drive My Car
86%
Ticket To Ride
86%
The Long And Winding Road
84%
Julia
82%
Because
80%
Blue Jay Way
80%
Glass Onion
77%
Free As A Bird
75%
Do You Want To Know A Secret?
68%
I've Got A Feeling
64%
Real Love
64%
No se encontraron pruebas coincidentes
Distribución de puntuación
Porcentaje de gente con cada puntuación
Porcentaje por número respondido
Historial de tus puntuaciones
No has intentado esta prueba.